000
00307nam a22001457a 4500
008
210304b ||||| |||| 00| 0 eng d
020
_a
39536000858496
041
_a
eng
080
_2
5th
_a
541
082
_a
541
100
_a
12
101
_a
KIM
245
_a
Chemistry
_c
Sienko, M. J
942
_2
udc
_c
BK
999
_c
55730
_d
55730